Cheyenne Bucks the Law (Record no. 797962)

MARC details
000 -LEADER
fixed length control field 00460nam a22001817a 4500
003 - CONTROL NUMBER IDENTIFIER
control field 3228
005 - DATE AND TIME OF LATEST TRANSACTION
control field 20260507114610.0
008 - FIXED-LENGTH DATA ELEMENTS--GENERAL INFORMATION
fixed length control field 260507b sa ||||| |||| 00| 0 eng d
020 ## - INTERNATIONAL STANDARD BOOK NUMBER
International Standard Book Number <a href="070914525">070914525</a>
Qualifying information (hbk)
040 ## - CATALOGING SOURCE
Original cataloging agency MPL
Transcribing agency 3228
041 ## - LANGUAGE CODE
Language English
082 #0 - DEWEY DECIMAL CLASSIFICATION NUMBER
Classification number 33228013149909
942 ## - ADDED ENTRY ELEMENTS
Creator ID 282
Creator Name Emmerencia Nonyane
Modifier ID 282
Modifier Name Emmerencia Nonyane
100 ## - MAIN ENTRY--PERSONAL NAME
Personal name DENVER, Lee 1975
245 ## - TITLE STATEMENT
Title Cheyenne Bucks the Law
260 ## - PUBLICATION, DISTRIBUTION, ETC.
Place of publication, distribution, etc. London:
Name of publisher, distributor, etc. Robert Hale,
Date of publication, distribution, etc. 1975.
300 ## - PHYSICAL DESCRIPTION
Extent 160 Pages
Other physical details Illustrations
Dimensions 18,5 cm
942 ## - ADDED ENTRY ELEMENTS
Source of classification or shelving scheme Dewey Decimal Classification
item type Book
Holdings
Withdrawn status Lost status Source of classification or shelving scheme Damaged status Not for loan Home library Current library Shelving location Date acquired Total Checkouts Full call number Barcode Date last seen Price effective from item type
    Dewey Decimal Classification     Sabie Public Library (Closed for renovations) Sabie Public Library (Closed for renovations) Fiction 07.05.2026   33228013149909 33228013149909 07.05.2026 07.05.2026 Book